| 000 | 00486nam a22001697a 4500 | ||
|---|---|---|---|
| 999 |
_c4509 _d4509 |
||
| 003 | GBCCL | ||
| 005 | 20241126110520.0 | ||
| 008 | 180123b xxu||||| |||| 00| 0 eng d | ||
| 040 | _cgbc | ||
| 082 |
_a248.32 _bCHA |
||
| 100 |
_aChadwick, Samuel _98384 |
||
| 245 |
_aGod Listens: _bTo the crying heart in the secret place / _cSamuel Chadwick |
||
| 260 |
_aWestchester: _bGood News Publishers, _c1973 |
||
| 300 |
_a90 p.; _c19 cm. |
||
| 650 |
_aPrayer _vChristianity _99341 |
||
| 942 |
_2ddc _cBK |
||